[Event "Gatineau Special Hiver Suisse"]
[Site "Gatineau"]
[Date "2018.02.06"]
[Round "1"]
[White "Akrib, Fouad"]
[Black "Gareau, Charles"]
[Result "1-0"]
[WhiteElo "1940"]
[BlackElo "1229"]
[PlyCount "57"]
[EventDate "2018.02.06"]
[EventType "swiss"]
[EventRounds "5"]
[EventCountry "CAN"]
[SourceTitle "EXT 2022"]
[Source "ChessBase"]
[SourceDate "2021.10.06"]
[SourceVersion "1"]
[SourceVersionDate "2021.10.06"]
[SourceQuality "1"]

1. e4 c5 2. Nf3 e6 3. g3 Nf6 4. d3 Nc6 5. Bg2 h6 6. h4 Be7 7. 0-0 b6 8. Re1 Qc7 9. Bf4 d6 10. Na3 a6 11. c3 e5 12. Bc1 0-0 13. Nc4 b5 14. Ne3 Be6 15. Nh2 Rad8 16. g4 d5 17. g5 hxg5 18. hxg5 Nh7 19. exd5 Bxg5 20. dxe6 f6 21. Bxc6 Qxc6 22. e7 c4 23. d4 Bf4 24. exf8Q+ Kxf8 25. Qh5 Ng5 26. d5 Rxd5 27. Nxd5 Qxd5 28. Bxf4 exf4 29. Re8# 1-0